[Event "Hamburg St Pauli op-B"]
[Site "Hamburg"]
[Date "2014.07.22"]
[Round "4"]
[White "Valkova, Angelika"]
[Black "Quibael, Ricardo"]
[Result "1/2-1/2"]
[WhiteElo "1816"]
[BlackElo "1798"]
[PlyCount "84"]
[EventDate "2014.07.19"]
[EventType "swiss"]
[EventRounds "9"]
[EventCountry "GER"]
[SourceTitle "CBM 161 Extra"]
[Source "ChessBase"]
[SourceDate "2014.08.29"]
[SourceVersion "1"]
[SourceVersionDate "2014.08.29"]
[SourceQuality "1"]

1. d4 e6 2. c4 d5 3. Nc3 Nf6 4. Bg5 Nbd7 5. Nf3 c6 6. e3 Qa5 7. Nd2 dxc4 8. Bxf6 Nxf6 9. Nxc4 Qc7 10. Bd3 Be7 11. 0-0 0-0 12. h3 Rd8 13. Qc2 Bd7 14. e4 g6 15. a3 Be8 16. e5 Nh5 17. Ne4 Rxd4 18. Ncd6 Nf4 19. Nb5 Qxe5 20. Nxd4 Qxd4 21. Bc4 Nd5 22. Rad1 Qe5 23. Rfe1 Qf4 24. Qb3 b6 25. Qc2 Bd7 26. Rd3 f5 27. g3 Qe5 28. f4 Qg7 29. Ng5 Bxg5 30. fxg5 Rc8 31. b4 Qe7 32. Qd2 Qd6 33. Kg2 Be8 34. Qe2 Kf7 35. Qb2 Qd8 36. Qh8 Qxg5 37. Qxh7+ Kf8 38. Bxd5 cxd5 39. Rxe6 d4 40. h4 Rc2+ 41. Kf1 Rc1+ 42. Kf2 Rc2+ 1/2-1/2

[Event "Hamburg St Pauli op-B"]
[Site "Hamburg"]
[Date "2014.07.20"]
[Round "2"]
[White "Raedisch, Peter"]
[Black "Quibael, Ricardo"]
[Result "0-1"]
[WhiteElo "1682"]
[BlackElo "1798"]
[PlyCount "108"]
[EventDate "2014.07.19"]
[EventType "swiss"]
[EventRounds "9"]
[EventCountry "GER"]
[SourceTitle "CBM 161 Extra"]
[Source "ChessBase"]
[SourceDate "2014.08.29"]
[SourceVersion "1"]
[SourceVersionDate "2014.08.29"]
[SourceQuality "1"]

1. e4 d6 2. d4 Nf6 3. Bd3 g6 4. Nf3 Bg7 5. c3 0-0 6. h3 Nbd7 7. Be3 c6 8. Qd2 Re8 9. Bh6 Bh8 10. Qg5 e5 11. dxe5 dxe5 12. Bc2 Qc7 13. Nbd2 Nc5 14. 0-0 Nh5 15. Qe3 Ne6 16. Nh2 Nhf4 17. Rad1 Qe7 18. Ndf3 f6 19. Bb3 Nh5 20. g4 Nhg7 21. Rd2 Kf8 22. Rfd1 Nc5 23. Bc2 Kg8 24. Rd6 Nge6 25. b4 Na6 26. Bb3 Bg7 27. Nh4 Kh8 28. Bxg7+ Kxg7 29. Bxe6 Bxe6 30. Qg3 Rad8 31. Rxd8 Rxd8 32. Rxd8 Qxd8 33. g5 Nb8 34. gxf6+ Qxf6 35. Ng4 Qg5 36. a3 Nd7 37. Kh2 Bxg4 38. Qxg4 Qxg4 39. hxg4 Nf6 40. f3 Nd7 41. Kg3 Nb6 42. f4 Kf6 43. f5 gxf5 44. Nxf5 Nc4 45. Kh4 Kf7 46. Kh5 Nxa3 47. Kh6 Kg8 48. Nd6 Nb5 49. Ne8 Nxc3 50. Nf6+ Kh8 51. Nxh7 Nxe4 52. g5 a5 53. bxa5 c5 54. g6 Kg8 0-1

[Event "Hamburg HSK DWZ op 1st"]
[Site "Hamburg"]
[Date "2002.09.27"]
[Round "2"]
[White "Knop, Hauke"]
[Black "Quibael, Ricardo"]
[Result "1-0"]
[WhiteElo "1795"]
[BlackElo "1612"]
[PlyCount "72"]
[EventDate "2002.09.??"]
[EventType "swiss"]
[EventRounds "5"]
[EventCountry "GER"]
[SourceTitle "EXT 2006"]
[Source "ChessBase"]
[SourceDate "2005.11.24"]
[SourceVersion "1"]
[SourceVersionDate "2005.11.24"]
[SourceQuality "1"]

1. d4 Nf6 2. c4 g6 3. Nc3 Bg7 4. e4 d6 5. f3 0-0 6. Bg5 c6 7. Qd2 Qc7 8. 0-0-0 a6 9. Kb1 b5 10. Rc1 b4 11. Nd1 a5 12. g4 Nfd7 13. h4 c5 14. d5 Nf6 15. h5 a4 16. Be2 Qa5 17. Nh3 b3 18. Qxa5 bxa2+ 19. Kxa2 Rxa5 20. Bd2 Ra7 21. h6 Bh8 22. Nhf2 Ne8 23. f4 Nd7 24. Bc3 Nc7 25. Bxh8 Kxh8 26. Nc3 f6 27. Rcd1 Nb6 28. Bd3 Bd7 29. Rhe1 Na6 30. Be2 Nb4+ 31. Ka1 a3 32. b3 Kg8 33. Rg1 Kh8 34. Nd3 Kg8 35. Nxb4 cxb4 36. Na2 Rb8 1-0